Prénoms garçons 2002 - Statistiques

Statistiques générales
  • Ce quiz a été pris 190 fois
  • Le résultat moyen est 48 sur 100
Statistiques - réponses
Hint Lettre Prénoms % Correct
21 L Léo
89%
2 T Théo
87%
5 T Thomas
82%
17 L Louis
80%
1 L Lucas
78%
19 P Paul
78%
15 Q Quentin
78%
27 K Kevin
75%
75 A Alex
74%
3 H Hugo
74%
8 A Antoine
72%
23 J Julien
72%
16 T Tom
72%
36 V Victor
71%
14 R Romain
70%
11 N Nathan
69%
33 J Jules
68%
34 P Pierre
67%
7 A Alexandre
66%
20 B Baptiste
66%
6 M Maxime
66%
10 N Nicolas
66%
73 J Jean
65%
13 V Valentin
65%
32 M Mathieu
64%
22 A Arthur
63%
40 M Mathéo
62%
18 M Mathis
61%
80 E Ethan
59%
12 C Clément
58%
4 E Enzo
58%
41 G Gabriel
57%
70 V Vincent
56%
31 C Corentin
55%
54 G Guillaume
55%
52 N Noah
55%
38 S Simon
55%
65 Y Yann
55%
51 D Damien
54%
48 M Martin
54%
24 A Axel
53%
45 B Bastien
53%
74 C Charles
53%
43 Y Yanis
53%
71 N Noé
52%
93 M Mohamed
51%
39 R Raphaël
51%
81 W William
51%
9 A Alexis
49%
25 B Benjamin
49%
64 D David
49%
30 F Florian
48%
29 A Anthony
47%
69 K Kylian
47%
49 T Thibault
46%
26 A Adrien
45%
46 J Jeremy
45%
55 J Jordan
45%
42 K Kilian
45%
37 M Maxence
42%
98 A Arnaud
41%
58 E Evan
41%
35 M Matteo
41%
47 S Samuel
41%
78 T Titouan
41%
67 A Adam
39%
28 D Dylan
39%
56 M Maël
39%
60 M Mathias
39%
76 M Matthieu
39%
63 R Rémi
38%
84 S Sacha
38%
57 A Antonin
37%
66 M Matéo
36%
53 T Tristan
36%
44 D Dorian
35%
62 R Robin
35%
82 T Thibaut
33%
79 J Jonathan
31%
61 A Aurélien
30%
50 L Loïc
30%
89 M Mathys
29%
90 S Sebastien
29%
59 E Erwan
28%
86 L Lilian
28%
68 E Esteban
27%
87 G Gaëtan
26%
91 R Ryan
26%
95 M Mickaël
23%
85 M Mehdi
22%
72 R Rayan
22%
99 S Sofiane
22%
88 B Bryan
19%
100 A Allan
17%
96 T Tanguy
17%
97 A Alan
16%
94 J Jason
16%
92 S Steven
16%
77 T Tony
14%
83 L Logan
13%
Aucun quiz correspondant
Distribution des résultats
% des personnes avec chaque résultat
Percentile par nombre de réponses
Votre historique - résultats
Vous n’avez pas pris ce quiz